Diseño, construcción y puesta en marcha de un módulo de intercambio calórico para la Escuela de Ingeniería Química

Furkejuvvon:
Bibliográfalaš dieđut
Váldodahkki: Mora Torres, Ivan
Materiálatiipa: Girji
Almmustuhtton: San José, C.R. 1996
Fáttát:
Fáddágilkorat: Lasit fáddágilkoriid
Eai fáddágilkorat, Lasit vuosttaš fáddágilkora!

MARC

LEADER 00000nam a2200000Ia 4500
003 008152
005 20221231144234.0
008 140114s1996 xx a m 000 ||s d
040 |c cru CEDI 
090 |a TFG 3619 
100 |a Mora Torres, Ivan  |9 9642 
245 |a Diseño, construcción y puesta en marcha de un módulo de intercambio calórico para la Escuela de Ingeniería Química 
260 |c 1996  |a  San José, C.R. 
300 |a  vi, 131 hojas : ilustraciones  
500 |a Proyecto de graduación (licenciatura en ingeniería química)--Universidad de Costa Rica. Facultad de Ingeniería. Escuela de Ingeniería Química 
650 |x TRANSMISION DEL CALOR   |x INTERCAMBIADORES DE CALOR  |9 9643 
942 |c TFG 
999 |c 18901  |d 18901